Distributed from client/server to information distributed multimedia systems

Distributed systems evolution; Characteristics of distributed information systems; Distributed processing; Network technologies - Backbone networks; Network technologies - Access networks; Internetworking; Building distributed services; Generic services; Ditributing data; Systems development and int...

Descripció completa

Guardat en:
Dades bibliogràfiques
Autor principal: Errol Simon
Format: Llibre
Idioma:Undetermined
Publicat: London McGraw-Hill 1996
Matèries:
Etiquetes: Afegir etiqueta
Sense etiquetes, Sigues el primer a etiquetar aquest registre!
Thư viện lưu trữ: Trung tâm Học liệu Trường Đại học Cần Thơ
LEADER 01031nam a2200193Ia 4500
001 CTU_23311
008 210402s9999 xx 000 0 und d
082 |a 005.758 
082 |b S594 
100 |a Errol Simon 
245 0 |a Distributed from client/server to information distributed multimedia systems 
245 0 |c Errol Simon 
260 |a London 
260 |b McGraw-Hill 
260 |c 1996 
520 |a Distributed systems evolution; Characteristics of distributed information systems; Distributed processing; Network technologies - Backbone networks; Network technologies - Access networks; Internetworking; Building distributed services; Generic services; Ditributing data; Systems development and integration; Decentralized management and control; Open systems and standards selection; Security; Future directions. 
650 |a database management,distributed databases,information storage and retrieval systems,mutlimedia systems 
904 |i Quyên,980521 
980 |a Trung tâm Học liệu Trường Đại học Cần Thơ